The cooperative workplace : potentials and dilemmas of organizational democracy and participation
Saved in:
| Main Author: | |
|---|---|
| Other Authors: | |
| Format: | Book |
| Language: | English |
| Published: |
Cambridge :
cambridge University press,
1989
|
| Series: | Arnold and Caroline Rose monograph series of the American Sociological Association
|
| Subjects: | |
| Tags: |
Add Tag
No Tags, Be the first to tag this record!
|
MARC
| LEADER | 00000nam a2200000 i 4500 | ||
|---|---|---|---|
| 001 | 1/61209 | ||
| 008 | 960220s1989 eng d | ||
| 020 | |a 0-521-37942-3 | ||
| 035 | |a 1995 |c ΤΣΙΒΑΚΟΥ |l 10046396 | ||
| 040 | |a GR-MY-UA |b gre |e aacr | ||
| 041 | 0 | |a eng | |
| 082 | 0 | |a 658.3152. | |
| 100 | 1 | |a Rothschild, Joyce |d 1948- | |
| 245 | 1 | 4 | |a The cooperative workplace : |b potentials and dilemmas of organizational democracy and participation / |c Joyce Rothschild and J. Allen Whitt |
| 260 | |a Cambridge : |b cambridge University press, |c 1989 | ||
| 300 | |a 191 p.; |c 23 cm. | ||
| 490 | 1 | |a Arnold and Caroline Rose monograph series of the American Sociological Association | |
| 500 | |a Includes bibliography and index | ||
| 650 | 0 | 0 | |a Management |x Employee participation. |
| 650 | 0 | 0 | |a Democracy. |
| 650 | 0 | 0 | |a Political participation. |
| 650 | 0 | 0 | |a Cooperation. |
| 700 | 1 | |a Whitt, Allen.J. | |
| 830 | 0 | |a Arnold and Caroline Rose monograph series of the American Sociological Association | |
| 852 | |a INST |b SAMOS |e 19960220 |h 658.3152 ROT |p 005300005008 |q 005300005008 |t BK |y 0 | ||
| 909 | |a Σ |b 040685 | ||